Hospodárske výsledky nefinančných a finančných organizácií za 1. štvrťrok 1995

Enregistré dans:
Détails bibliographiques
Format: Livre
Langue:slovaque
Publié: Bratislava Štatistický úrad Slovenskej republiky 1995
Collection:Štatistické čísla a grafy
Tags: Ajouter un tag
Pas de tags, Soyez le premier à ajouter un tag!

MARC

LEADER 00000nam a2200000 4500
001 c017291
005 20260210065808.0
041 0 |a slo 
044 |a SK 
245 1 0 |a Hospodárske výsledky nefinančných a finančných organizácií za 1. štvrťrok 1995 
264 1 |a Bratislava  |b Štatistický úrad Slovenskej republiky  |c 1995 
300 |a 59 s. 
490 1 |a Štatistické čísla a grafy 
830 0 |a Štatistické čísla a grafy